Opening Pandora's box - the Method of Measurement for Highway Works (MMHW): Part 6 - have you got it covered? (Record no. 118003)
[ view plain ]
| 000 -LEADER | |
|---|---|
| fixed length control field | 01518cam a2200277 4500 |
| 001 - CONTROL NUMBER | |
| control field | ABS68280 |
| 008 - FIXED-LENGTH DATA ELEMENTS--GENERAL INFORMATION | |
| fixed length control field | 040915n2004 000 0 eng u |
| 035 ## - SYSTEM CONTROL NUMBER | |
| System control number | (Sirsi) u127404 |
| 100 ## - MAIN ENTRY--PERSONAL NAME | |
| Personal name | Mitchell, H. |
| 245 ## - TITLE STATEMENT | |
| Title | Opening Pandora's box - the Method of Measurement for Highway Works (MMHW): Part 6 - have you got it covered? |
| 260 ## - PUBLICATION, DISTRIBUTION, ETC. | |
| Date of publication, distribution, etc. | 2004 |
| 490 ## - SERIES STATEMENT | |
| Series statement | Civil Engineering Surveyor |
| Volume/sequential designation | September 2004, 28-30(3) |
| 520 ## - SUMMARY, ETC. | |
| Summary, etc. | Looks at the way item coverage operates. Stresses it is of vital importance that the preambles to bills of quantities must be reproduced and included in every contract, whether or not amendments to the MMHW are required. Uses case scenarios to illustrate some of the misconceptions which can arise. Compares the issue with other similar forms of contract, such as CESMM. Recommends following some simple rules when using MMHW, such as: ensuring item coverage is amended as required;ensuring it is supported by information and detail in the contract; avoidance of misinterpretations of item coverage;and not to include matters which the contractor cannot price. (See also Abs67769, Abs67770, Abs67964 and Abs68163). |
| 590 ## - LOCAL NOTE (RLIN) | |
| Local note | ABS |
| 590 ## - LOCAL NOTE (RLIN) | |
| Local note | ABS |
| 650 ## - SUBJECT ADDED ENTRY--TOPICAL TERM | |
| Topical term or geographic name entry element | METHODS OF MEASUREMENT |
| 650 ## - SUBJECT ADDED ENTRY--TOPICAL TERM | |
| Topical term or geographic name entry element | CIVIL ENGINEERING |
| 650 ## - SUBJECT ADDED ENTRY--TOPICAL TERM | |
| Topical term or geographic name entry element | MMHW |
| 650 ## - SUBJECT ADDED ENTRY--TOPICAL TERM | |
| Topical term or geographic name entry element | ICE CONDITIONS OF CONTRACT |
| 650 ## - SUBJECT ADDED ENTRY--TOPICAL TERM | |
| Topical term or geographic name entry element | HIGHWAY ENGINEERING |
| 650 ## - SUBJECT ADDED ENTRY--TOPICAL TERM | |
| Topical term or geographic name entry element | CESMM |
| 650 ## - SUBJECT ADDED ENTRY--TOPICAL TERM | |
| Topical term or geographic name entry element | SPECIFICATION FOR HIGHWAY WORKS |
| 650 ## - SUBJECT ADDED ENTRY--TOPICAL TERM | |
| Topical term or geographic name entry element | BILLS OF QUANTITIES |
| 690 ## - LOCAL SUBJECT ADDED ENTRY--TOPICAL TERM (OCLC, RLIN) | |
| Topical term or geographic name as entry element | QUANTITY SURVEYING |
| 9 (RLIN) | 6263 |
| 942 ## - ADDED ENTRY ELEMENTS (KOHA) | |
| Suppress in OPAC | 0 |
| Withdrawn status | Lost status | Source of classification or shelving scheme | Damaged status | Not for loan | Home library | Current library | Shelving location | Date acquired | Total Checkouts | Full call number | Barcode | Date last seen | Copy number | Price effective from | Koha item type |
|---|---|---|---|---|---|---|---|---|---|---|---|---|---|---|---|
| Dewey Decimal Classification | London | London | Journal article | 15/09/2004 | ABS68280 | 127404-1001 | 06/08/2019 | 1 | 06/08/2019 | Journal article |